Object-Oriented Programming in C++ (Record no. 586649)

000 -LEADER
fixed length control field 00340nam a22001337a 4500
020 ## - INTERNATIONAL STANDARD BOOK NUMBER
International Standard Book Number 9789673498321
040 ## - CATALOGING SOURCE
Transcribing agency NUST
082 ## - DEWEY DECIMAL CLASSIFICATION NUMBER
Classification number 005.133-C++
Author Mark LAF
100 ## - MAIN ENTRY--PERSONAL NAME
Personal name Lafore, Robert
9 (RLIN) 10251
245 ## - TITLE STATEMENT
Title Object-Oriented Programming in C++
250 ## - EDITION STATEMENT
Edition statement FOURTH EDITION
260 ## - PUBLICATION, DISTRIBUTION, ETC.
Place of publication, distribution, etc. India:
Name of publisher, distributor, etc. PEARSON EDUCATION ASIA,
Date of publication, distribution, etc. 2020.
942 ## - ADDED ENTRY ELEMENTS (KOHA)
Source of classification or shelving scheme
Koha item type Book
Holdings
Withdrawn status Lost status Source of classification or shelving scheme Damaged status Not for loan Permanent Location Current Location Shelving location Date acquired Total Checkouts Full call number Barcode Date last seen Price effective from Koha item type
          College of Electrical & Mechanical Engineering (CEME) College of Electrical & Mechanical Engineering (CEME) General Stacks 11/03/2021   005.133-C++ LAF CEME-50223 11/03/2021 11/03/2021 Book
© 2023 Central Library, National University of Sciences and Technology. All Rights Reserved.